| 000 | 00724nab a2200229 a 4500 | ||
|---|---|---|---|
| 005 | 20210219161843.0 | ||
| 008 | 991125s1985 mx 000 0 spa u | ||
| 035 | _aUPN01000192902 | ||
| 100 | 1 | _aCrusafon, Carmina | |
| 100 | 1 | _acarmina.crusafon@uab.cat | |
| 222 | _aCOMUNICACION Y SOCIEDAD | ||
| 245 | _aLa construcción del mercado audiovisual europeo : balance de dos décadas de políticas públicas | ||
| 260 | _aGuadalajara, México | ||
| 300 | _a161-189 | ||
| 362 | 0 | _a2013 Nva época, año 10, no. 20, jul.-dic. | |
| 653 | 0 | _aUNION EUROPEA | |
| 653 | 0 | _aPOLITICA PUBLICA | |
| 653 | 0 | _aAUXILIARES AUDIOVISUALES | |
| 653 | 0 | _aMEDIOS DE COMUNICACION DE MASAS | |
| 653 | _aINDUSTRIA | ||
| 905 | _aArticulo | ||
| 999 |
_c165004 _d165004 |
||